Wszystkie piosenki - Sokół - Statystyki

Ogólne statystyki
  • Ten quiz został rozwiązany 18 razy
  • Średni wynik to 46 z 221
Statystyki odpowiedzi
Hint Odpowiedź % Poprawnych
Wojtek Sokół Chcemy być wyżej
71%
Czysta Brudna Prawda (z Marysia Starosta) Czysta brudna prawda
71%
Czyste Brudne Remixy (z Marysia Starosta) Czysta brudna prawda - Trafik Remix
71%
NIC Jednorożec
71%
Masz i pomyśl (z WWO & Jędker) Jeszcze będzie czas
71%
Czysta Brudna Prawda (z Marysia Starosta) Myśl pozytywnie
71%
NIC Nic
71%
We Własnej Osobie (z WWO & Jędker) Sen
71%
Teraz Pieniądz w Cenie (z TPWC & Pono) W aucie (feat. Franek Kimono & Jędker)
71%
Witam Was w Rzeczywistości (z WWO & Jędker) Zen
71%
Czarna Biała Magia (z Marysia Starosta) Czarna biała magia
57%
We Własnej Osobie (z WWO & Jędker) Damy radę
57%
Wojtek Sokół Hybryda
57%
Masz i pomyśl (z WWO & Jędker) | To Prawdziwa Wolność Człowieka (z TPWC & Pono) Intro
57%
Masz i pomyśl (z WWO & Jędker) Masz i pomyśl
57%
Witam Was w Rzeczywistości (z WWO & Jędker) Mogę wszystko
57%
Wojtek Sokół Napad na bankiet (feat. PRO8L3M & Steez83 & Taco Hemingway)
57%
We Własnej Osobie (z WWO & Jędker) Nie bój się zmiany na lepsze (feat. Fu & Soundkail)
57%
Wojtek Sokół Nie da na da (feat. Marcin Pyszora)
57%
Wojtek Sokół Pluszowy
57%
Czysta Brudna Prawda (z Marysia Starosta) Reset
57%
Czyste Brudne Remixy (z Marysia Starosta) Reset - Bob Air Remix
57%
Czarna Biała Magia (z Marysia Starosta) Spierdalaj
57%
Czysta Brudna Prawda (z Marysia Starosta) Sztruks
57%
Czyste Brudne Remixy (z Marysia Starosta) Sztruks - DJ B Remix
57%
Witam Was w Rzeczywistości (z WWO & Jędker) Witam was w rzeczywistości
57%
We Własnej Osobie (z WWO & Jędker) W wyjątkowych okolicznościach
57%
Wojtek Sokół Z Tobą
57%
Życie na Kredycie (z WWO & Jędker) Życie na kredycie (feat. Black E-Star)
57%
We Własnej Osobie (z WWO & Jędker) Biznesmeni - Skit
43%
Teraz Pieniądz w Cenie (z TPWC & Pono) Dwie kochanki
43%
We Własnej Osobie (z WWO & Jędker) Halabardy
43%
Teraz Pieniądz w Cenie (z TPWC & Pono) Janek pożycz (feat. Misiek Koterski)
43%
Czysta Brudna Prawda (z Marysia Starosta) Ja nie przypuszczam, ja to wiem
43%
Wojtek Sokół MC Hasselblad
43%
Ty Przecież Wiesz Co (z TPWC & Pono) Miód i cukier
43%
NIC Na cały świat (feat. Quebonafide & Pezet)
43%
To Prawdziwa Wolność Człowieka (z TPWC & Pono) Outro
43%
We Własnej Osobie (z WWO & Jędker) Pamiętacie?
43%
NIC Płaczemy pięścią w stół
43%
Ty Przecież Wiesz Co (z TPWC & Pono) Poczekalnia dusz (feat. Sylwester Kozera)
43%
Witam Was w Rzeczywistości (z WWO & Jędker) Promienie
43%
Wojtek Sokół Skażony
43%
Wojtek Sokół Sprytny Eskimos (feat. Igo)
43%
Teraz Pieniądz w Cenie (z TPWC & Pono) TPWC
43%
Ty Przecież Wiesz Co (z TPWC & Pono) Ty przecież wiesz co
43%
We Własnej Osobie (z WWO & Jędker) We własnej osobie - Skit
43%
Czysta Brudna Prawda (z Marysia Starosta) W sercu
43%
Masz i pomyśl (z WWO & Jędker) W witrynach odbicia
43%
Ty Przecież Wiesz Co (z TPWC & Pono) Zajarany życiem
43%
Czarna Biała Magia (z Marysia Starosta) Zepsute miasto
43%
We Własnej Osobie (z WWO & Jędker) Zostaw to (feat. Hemp Gru)
43%
Witam Was w Rzeczywistości (z WWO & Jędker) Życie depcze wyobraźnię
43%
Ty Przecież Wiesz Co (z TPWC & Pono) Angela (Gdybym wiedział, że istniejesz) (feat. Oxy.Gen)
29%
NIC Batoniki (feat. Hodak)
29%
Różewicz - Interpretacje (z Sampler Orchestra & Hades) Bez
29%
Ty Przecież Wiesz Co (z TPWC & Pono) Bliski dla bliskich (feat. Ko1fu & Koras & Fu)
29%
NIC Burza (feat. ZIP Skład)
29%
Witam Was w Rzeczywistości (z WWO & Jędker) Chcesz być słynny? (feat. Bosski & Mercedresu & Tadek Firma & Kali)
29%
We Własnej Osobie (z WWO & Jędker) Chcesz być taki (feat. Peja)
29%
NIC Cześć (feat. Sarius)
29%
Życie na Kredycie (z WWO & Jędker) Energia
29%
NIC Jak urosnę (feat. Zespół Dziecięcy Fasolki)
29%
Teraz Pieniądz w Cenie (z TPWC & Pono) Jedno słowo (feat. Martina M)
29%
Teraz Pieniądz w Cenie (z TPWC & Pono) Każdą porażkę obracam w sukces
29%
Czarna Biała Magia (z Marysia Starosta) Każdy dzień
29%
Wojtek Sokół Koniec gatunku (feat. Lena Osińska)
29%
We Własnej Osobie (z WWO & Jędker) Krew ziemi sól
29%
Wojtek Sokół Lepiej jak jest lepiej (feat. Mateusz Krautwurst)
29%
NIC Ludzie z planety bezludnej (feat. Szpaku)
29%
Czysta Brudna Prawda (z Marysia Starosta) Mirek
29%
Czyste Brudne Remixy (z Marysia Starosta) Mirek - White House Remix
29%
Teraz Pieniądz w Cenie (z TPWC & Pono) Mogłoby być tak na zawsze
29%
Teraz Pieniądz w Cenie (z TPWC & Pono) Nie lekceważ nas (feat. Ego & VovaZiLvova & III G & Remi & Saf & Mih & Bazyl & Spens & Sharks & Vladimir 518 & Čis T & Frenkie & Orion & Koff & Komplex & XLDELUXE & Berezin & Ligalize & Martina M)
29%
Witam Was w Rzeczywistości (z WWO & Jędker) Nie musisz być bogaty
29%
Życie na Kredycie (z WWO & Jędker) O!Lśnienie
29%
Czysta Brudna Prawda (z Marysia Starosta) Polowanie na zło
29%
NIC (Deluxe) Poncz z pomarańczy
29%
Czysta Brudna Prawda (z Marysia Starosta) Spotkanie
29%
Ty Przecież Wiesz Co (z TPWC & Pono) Uczę się uczuć
29%
Teraz Pieniądz w Cenie (z TPWC & Pono) Uderz w puchara
29%
Witam Was w Rzeczywistości (z WWO & Jędker) Umieramy na życie
29%
We Własnej Osobie (z WWO & Jędker) Uważaj jak tańczysz (feat. Dekadencja)
29%
We Własnej Osobie (z WWO & Jędker) Wierzę, że (feat. ZIP Skład & Fu & Felipe & Jaźwa & Mieron & Koras & Pono)
29%
Czysta Brudna Prawda (z Marysia Starosta) Wspólna gałąź (feat. Pokój z Widokiem na Wojnę & Koras & Juras & Chada & Ero)
29%
NIC 52Hz
14%
NIC 52Hz Skit
14%
NIC After (feat. Fred)
14%
We Własnej Osobie (z WWO & Jędker) Bezsenne noce
14%
We Własnej Osobie (z WWO & Jędker) Bez żadnej kopii - Skit
14%
Teraz Pieniądz w Cenie (z TPWC & Pono) Bierzemy sprawy w swoje ręce
14%
To Prawdziwa Wolność Człowieka (z TPWC & Pono) Błędne koło (feat. O.S.T.R. & MadMike)
14%
Teraz Pieniądz w Cenie (z TPWC & Pono) Boją się
14%
To Prawdziwa Wolność Człowieka (z TPWC & Pono) Cham
14%
Czarna Biała Magia (z Marysia Starosta) Chujowo wyszło
14%
Masz i pomyśl (z WWO & Jędker) Desiderata
14%
Masz i pomyśl (z WWO & Jędker) Dobro i zło (feat. Fu)
14%
NIC (Deluxe) Inny styl
14%
We Własnej Osobie (z WWO & Jędker) Interesy
14%
Wojtek Sokół I tak i nie (feat. Hewra)
14%
Życie na Kredycie (z WWO & Jędker) I tak to osiągnę (feat. Soundkail & Kontrafakt & Orion & Włodi & Rytmus & Ego)
14%
Czysta Brudna Prawda (z Marysia Starosta) Kilka pytań
14%
Czyste Brudne Remixy (z Marysia Starosta) Kilka pytań - Brahu Remix
14%
Czyste Brudne Remixy (z Marysia Starosta) Kilka pytań - Remix (feat. Siwers)
14%
Teraz Pieniądz w Cenie (z TPWC & Pono) Lubisz hardcore
14%
Czysta Brudna Prawda (z Marysia Starosta) Mały człowieczek (feat. VNM)
14%
Życie na Kredycie (z WWO & Jędker) Mamona dziwka (feat. Foster & Bastek)
14%
Życie na Kredycie (z WWO & Jędker) Minorum gentium
14%
Różewicz - Interpretacje (z Sampler Orchestra & Hades) Moje ciało
14%
We Własnej Osobie (z WWO & Jędker) Mówisz i masz
14%
To Prawdziwa Wolność Człowieka (z TPWC & Pono) Myśli (feat. Koras & Fu)
14%
NIC Nie było już nic
14%
Teraz Pieniądz w Cenie (z TPWC & Pono) Nie martw się mną
14%
Witam Was w Rzeczywistości (z WWO & Jędker) Nie muszę być geniuszem
14%
Masz i pomyśl (z WWO & Jędker) Nie pisz czarnych scenariuszy
14%
Ty Przecież Wiesz Co (z TPWC & Pono) Nigdy nie zrozumiem kobiet (feat. Bartek Królik)
14%
Życie na Kredycie (z WWO & Jędker) Nigdy więcej
14%
We Własnej Osobie (z WWO & Jędker) Nowa droga (feat. Natalia Lubrano)
14%
Masz i pomyśl (z WWO & Jędker) Obejrzyj sobie wiadomości
14%
Czysta Brudna Prawda (z Marysia Starosta) Obojętnie
14%
Czyste Brudne Remixy (z Marysia Starosta) Obojętnie - Krime Remix
14%
Teraz Pieniądz w Cenie (z TPWC & Pono) Orientuj się
14%
NIC Plastikowy tulipan
14%
Wojtek Sokół Pomyłka (feat. Andrzej Zaucha)
14%
We Własnej Osobie (z WWO & Jędker) Powinnaś (feat. Mor W.A.)
14%
Różewicz - Interpretacje (z Sampler Orchestra & Hades) Powrót
14%
Masz i pomyśl (z WWO & Jędker) Ryzyko (feat. Fu & Młody Biały)
14%
Czarna Biała Magia (z Marysia Starosta) Spalone mosty
14%
Ty Przecież Wiesz Co (z TPWC & Pono) Suto wędlin kłaść na chleb (feat. Fundacja #1 & Mieron & Jaźwa & Felipe & Jędker & Ward)
14%
To Prawdziwa Wolność Człowieka (z TPWC & Pono) Teoria szczęścia
14%
NIC Ty też
14%
Masz i pomyśl (z WWO & Jędker) Uszanuj 2 (feat. Felipe & Fu & Koras & Mieron & Pono)
14%
Masz i pomyśl (z WWO & Jędker) W.D.C.S.D. kończy (feat. Kosi)
14%
Witam Was w Rzeczywistości (z WWO & Jędker) Wiemy, co mówimy (feat. Fu & Mieron & Felipe & Pono & Koras)
14%
Czysta Brudna Prawda (z Marysia Starosta) Więzień opinii (feat. HIFI Banda)
14%
NIC Wkraczając w pustkę
14%
Czarna Biała Magia (z Marysia Starosta) W mieście
14%
Ty Przecież Wiesz Co (z TPWC & Pono) Wszystko na sprzedaż
14%
Czarna Biała Magia (z Marysia Starosta) Wyblakłe myśli
14%
Ty Przecież Wiesz Co (z TPWC & Pono) Za dużo widzę (feat. Alina)
14%
Wojtek Sokół Za ręce
14%
NIC Zorro
14%
To Prawdziwa Wolność Człowieka (z TPWC & Pono) Afera (feat. Fundacja#1)
0%
Życie na Kredycie (z WWO & Jędker) Afisz
0%
Czarna Biała Magia (z Marysia Starosta) Borderline
0%
Różewicz - Interpretacje (z Sampler Orchestra & Hades) Cierń
0%
Czysta Brudna Prawda (z Marysia Starosta) Cynamon
0%
Czyste Brudne Remixy (z Marysia Starosta) Cynamon - Czarny HIFI Remix
0%
Witam Was w Rzeczywistości (z WWO & Jędker) Czaj
0%
To Prawdziwa Wolność Człowieka (z TPWC & Pono) Dezinformacja
0%
Masz i pomyśl (z WWO & Jędker) Dwa sumienia (feat. Felipe)
0%
To Prawdziwa Wolność Człowieka (z TPWC & Pono) Ewolucja
0%
Witam Was w Rzeczywistości (z WWO & Jędker) Gdy
0%
Życie na Kredycie (z WWO & Jędker) Granice wytrzymałości
0%
Masz i pomyśl (z WWO & Jędker) Ile jeszcze
0%
Życie na Kredycie (z WWO & Jędker) Intensywny tryb życia (feat. Toma)
0%
Czarna Biała Magia (z Marysia Starosta) Jak walec
0%
Ty Przecież Wiesz Co (z TPWC & Pono) Jednorazowo (feat. Ania Szarmach)
0%
Witam Was w Rzeczywistości (z WWO & Jędker) Jestem normalny (feat. Chada & Kaczy Proceder)
0%
Ty Przecież Wiesz Co (z TPWC & Pono) Jesteś mną (feat. Martina M)
0%
Czarna Biała Magia (z Marysia Starosta) Kilka kroków jeszcze
0%
Witam Was w Rzeczywistości (z WWO & Jędker) Kochać życie (feat. Małolat)
0%
Masz i pomyśl (z WWO & Jędker) Krytyczna sytuacja (feat. Fu)
0%
Czysta Brudna Prawda (z Marysia Starosta) Ludzie to dziwni są
0%
To Prawdziwa Wolność Człowieka (z TPWC & Pono) Mamy prawo
0%
Masz i pomyśl (z WWO & Jędker) Międzynarodowa - Skit
0%
Życie na Kredycie (z WWO & Jędker) Moc do pracy
0%
Życie na Kredycie (z WWO & Jędker) Mogłem być
0%
Różewicz - Interpretacje (z Sampler Orchestra & Hades) Możliwe
0%
To Prawdziwa Wolność Człowieka (z TPWC & Pono) Narzędzie
0%
Czarna Biała Magia (z Marysia Starosta) Na wiatr
0%
To Prawdziwa Wolność Człowieka (z TPWC & Pono) Nic na siłę
0%
Życie na Kredycie (z WWO & Jędker) Nie chcesz?
0%
Masz i pomyśl (z WWO & Jędker) Nie ma załamka (feat. Włodi)
0%
Witam Was w Rzeczywistości (z WWO & Jędker) Nienawiść obróć w siłę (feat. Bilon HG & Pono)
0%
Czarna Biała Magia (z Marysia Starosta) Nie padnę
0%
Różewicz - Interpretacje (z Sampler Orchestra & Hades) Nie śmiem
0%
Ty Przecież Wiesz Co (z TPWC & Pono) Nie udaję
0%
Życie na Kredycie (z WWO & Jędker) Nim
0%
Życie na Kredycie (z WWO & Jędker) O nie
0%
To Prawdziwa Wolność Człowieka (z TPWC & Pono) Organizm (feat. Hanna Banaszak)
0%
Masz i pomyśl (z WWO & Jędker) O.S.W. - Skit
0%
Życie na Kredycie (z WWO & Jędker) Pamiętaj zgredziu
0%
We Własnej Osobie (z WWO & Jędker) Pewnego dnia
0%
Różewicz - Interpretacje (z Sampler Orchestra & Hades) Pisałem
0%
Witam Was w Rzeczywistości (z WWO & Jędker) Podróby
0%
Życie na Kredycie (z WWO & Jędker) Pół na pół
0%
Masz i pomyśl (z WWO & Jędker) Polskie realia (feat. Pelson)
0%
Masz i pomyśl (z WWO & Jędker) Pozorna harmonia (feat. Cyklon)
0%
Masz i pomyśl (z WWO & Jędker) Pozostała kwota - Skit
0%
Różewicz - Interpretacje (z Sampler Orchestra & Hades) Próbowałem sobie przypomnieć
0%
Czarna Biała Magia (z Marysia Starosta) Proporcje
0%
Czarna Biała Magia (z Marysia Starosta) Reszta życia
0%
Życie na Kredycie (z WWO & Jędker) Rewolucja (feat. Jaźwa)
0%
Życie na Kredycie (z WWO & Jędker) Różnica jest (feat. Pono)
0%
Różewicz - Interpretacje (z Sampler Orchestra & Hades) Ścigany
0%
Czysta Brudna Prawda (z Marysia Starosta) Sens życia
0%
Czyste Brudne Remixy (z Marysia Starosta) Sens życia - The Returners Remix
0%
Witam Was w Rzeczywistości (z WWO & Jędker) Smak chwili (feat. Wilku & Demon One & Dry)
0%
Czysta Brudna Prawda (z Marysia Starosta) Stop
0%
Witam Was w Rzeczywistości (z WWO & Jędker) Świadomość
0%
Witam Was w Rzeczywistości (z WWO & Jędker) Szuje
0%
To Prawdziwa Wolność Człowieka (z TPWC & Pono) Taki jestem
0%
Życie na Kredycie (z WWO & Jędker) Taki kraj
0%
Życie na Kredycie (z WWO & Jędker) Tylko my
0%
Życie na Kredycie (z WWO & Jędker) Uwaga
0%
Czarna Biała Magia (z Marysia Starosta) W dół brzuchem
0%
Ty Przecież Wiesz Co (z TPWC & Pono) Wewnętrzny głos (feat. Ania Szarmach)
0%
Różewicz - Interpretacje (z Sampler Orchestra & Hades) Wicher dobijał się do okien
0%
Różewicz - Interpretacje (z Sampler Orchestra & Hades) Wiedza
0%
Witam Was w Rzeczywistości (z WWO & Jędker) Wielcy bandyci (feat. Juras & Koras)
0%
Ty Przecież Wiesz Co (z TPWC & Pono) Wielu by chciało, żeby to był koniec
0%
Życie na Kredycie (z WWO & Jędker) Wszystko w naszych rękach (feat. Hazzidy & Dolores)
0%
Czarna Biała Magia (z Marysia Starosta) Zdeptane kwiaty
0%
Różewicz - Interpretacje (z Sampler Orchestra & Hades) Zdjęcie ciężaru
0%
Różewicz - Interpretacje (z Sampler Orchestra & Hades) Zielona róża
0%
To Prawdziwa Wolność Człowieka (z TPWC & Pono) Złudzenie (feat. Jędker)
0%
Czysta Brudna Prawda (z Marysia Starosta) Znajdziemy się
0%
Czyste Brudne Remixy (z Marysia Starosta) Znajdziemy się - White House Remix
0%
To Prawdziwa Wolność Człowieka (z TPWC & Pono) Zwiastun
0%
Nie znaleziono quizów pasujących do podanych kryteriów
Rozkład punktacji
Procent ludzi z każdym wynikiem
Percentyl według liczby udzielonych odpowiedzi
Twoja historia wyników
Nie rozwiązałeś tego quizu